Acteurs et actrices italiens (par image) - Statistiques

Statistiques générales
  • Ce quiz a été pris 101 fois
  • Le résultat moyen est 8 sur 20
Statistiques - réponses
Par images Réponse % Correct
Sophia Loren
83%
Monica Bellucci
80%
Marcelo Mastroianni
79%
Claudia Cardinale
71%
Aldo Maccione
64%
Gina Lollobrigida
61%
Terence Hill
56%
Bud Spencer
55%
Lino Ventura
50%
Gian Maria Volonté
34%
Vittorio Gassman
34%
Gino Cervi
33%
Franco Nero
29%
Totò
23%
Venantino Venantini
16%
Raf Vallone
14%
Nino Manfredi
9%
Rudolph Valentino
9%
Carla Gravina
1%
Maya Sansa
1%
Aucun quiz correspondant
Distribution des résultats
% des personnes avec chaque résultat
Percentile par nombre de réponses
Votre historique - résultats
Vous n’avez pas pris ce quiz